000 00712nam a2200289Ia 4500
005 20260324124907.0
008 008 260324s9999 xx 000 0 eng d
020 _a9780203881392
037 _aEBOOK
040 _aCRL
040 _beng
040 _cCRL
041 _2eng
041 _aeng
084 _qCRL
100 _aBirgit Pfau-Effinger; Lluis Flaquer; Per H. Jensen
_91175905
245 0 _aFormal and Informal Work
245 4 _bThe Hidden Work Regime in Europe
260 _bTaylor and Francis
260 _c2009
365 _a
365 _b240
856 _uhttp://www.taylorfrancis.com/books/9780203881392
942 _cEBOOK
999 _c1770697
_d1770697